000
00245nam a2200109Ia 4500
008
190216s9999||||xx |||||||||||||| ||und||
100
_a
Abit Sarti
245
0
_a
Hindi-Saanp Kate Ka Mantar
260
_b
Kalpataru
650
_a
Hindi
942
_c
BK
999
_c
15503
_d
15503